[Event "GER-ch Net blitz qual2"]
[Site "Playchess.com INT"]
[Date "2020.03.16"]
[Round "1"]
[White "Cmiel, Thorsten"]
[Black "Schiefer, Leo"]
[Result "1-0"]
[WhiteElo "2083"]
[BlackElo "1620"]
[PlyCount "89"]
[EventDate "2020.03.16"]
[EventType "swiss (blitz)"]
[EventRounds "9"]
[EventCountry "GER"]
[SourceTitle "CBM 195 Extra"]
[Source "ChessBase"]
[SourceDate "2020.05.31"]
[SourceVersion "1"]
[SourceVersionDate "2020.05.31"]
[SourceQuality "1"]

1. e4 c5 2. Nf3 d6 3. Bb5+ Nc6 4. 0-0 a6 5. Bd3 Nf6 6. c3 g6 7. Bc2 Bg7 8. h3 0-0 9. Re1 Bd7 10. a4 b5 11. Na3 b4 12. Nc4 a5 13. d4 cxd4 14. cxd4 Qc7 15. Bb3 e6 16. Bf4 Nh5 17. Bxd6 Qd8 18. Bxf8 Qxf8 19. d5 exd5 20. exd5 Ne7 21. Nb6 Rd8 22. Qd2 Nc8 23. Nc4 Be6 24. Nxa5 Nb6 25. Nc6 Rd6 26. Qxb4 Bxd5 27. Ne7+ Kh8 28. Qxd6 Bxb3 29. Qxb6 Bxb2 30. Rab1 Bg7 31. Qxb3 Bf6 32. Qb8 Bxe7 33. Rxe7 Qxb8 34. Rxb8+ Kg7 35. Rbb7 Kf6 36. Rxf7+ Ke6 37. a5 Kd6 38. a6 h6 39. a7 g5 40. a8Q Ng3 41. fxg3 g4 42. Rbd7+ Kc5 43. Qd5+ Kb6 44. Rb7+ Ka6 45. Qb5# 1-0

[Event "GER-ch Net blitz qual2"]
[Site "Playchess.com INT"]
[Date "2020.03.16"]
[Round "5"]
[White "Schiefer, Leo"]
[Black "Bernath, Markus"]
[Result "1/2-1/2"]
[WhiteElo "1620"]
[BlackElo "1542"]
[PlyCount "42"]
[EventDate "2020.03.16"]
[EventType "swiss (blitz)"]
[EventRounds "9"]
[EventCountry "GER"]
[SourceTitle "CBM 195 Extra"]
[Source "ChessBase"]
[SourceDate "2020.05.31"]
[SourceVersion "1"]
[SourceVersionDate "2020.05.31"]
[SourceQuality "1"]

1. e4 e5 2. Nf3 Nc6 3. Bc4 Nf6 4. Nc3 Bc5 5. d3 d6 6. 0-0 Bg4 7. Bg5 h6 8. Bh4 g5 9. Bg3 Nd4 10. Nd5 Bxf3 11. gxf3 Nxd5 12. Bxd5 Qf6 13. Kg2 0-0-0 14. c3 Ne6 15. Qb3 Nf4+ 16. Bxf4 gxf4 17. Qxb7+ Kd7 18. Qc6+ Kc8 19. Qb7+ Kd7 20. Bc6+ Ke6 21. Bd5+ Kd7 1/2-1/2

[Event "GER-ch Net blitz qual2"]
[Site "Playchess.com INT"]
[Date "2020.03.16"]
[Round "3"]
[White "Schiefer, Leo"]
[Black "Bone, Karin"]
[Result "1-0"]
[WhiteElo "1620"]
[BlackElo "1252"]
[PlyCount "107"]
[EventDate "2020.03.16"]
[EventType "swiss (blitz)"]
[EventRounds "9"]
[EventCountry "GER"]
[SourceTitle "CBM 195 Extra"]
[Source "ChessBase"]
[SourceDate "2020.05.31"]
[SourceVersion "1"]
[SourceVersionDate "2020.05.31"]
[SourceQuality "1"]

1. e4 e5 2. Nf3 Nc6 3. Bc4 Bc5 4. Nc3 Nf6 5. d3 h6 6. h3 d6 7. Be3 0-0 8. Bxc5 dxc5 9. 0-0 Nb4 10. a3 Nc6 11. Bd5 Bd7 12. a4 b6 13. Nxe5 Qe8 14. Nxc6 Bxc6 15. Bxc6 Qxc6 16. a5 Rfd8 17. axb6 cxb6 18. Qf3 a5 19. e5 Nd7 20. Qxc6 Nxe5 21. Qe4 Nd7 22. Nb5 Nf6 23. Qe1 Re8 24. Qd2 Re5 25. Nc7 Rc8 26. Nb5 Nd5 27. Nd6 Rd8 28. Ne4 c4 29. dxc4 Nb4 30. Qxd8+ Kh7 31. c3 Nc2 32. Qd3 Nxa1 33. Rxa1 Kg8 34. Kh2 Rf5 35. f3 Rc5 36. Nxc5 bxc5 37. Rxa5 f6 38. Qd5+ Kh7 39. Qf5+ g6 40. Qxf6 h5 41. Ra7+ Kh6 42. Qg7+ Kg5 43. Ra5 Kf4 44. Qf6+ Ke3 45. Rb5 Kd2 46. Qf4+ Kc2 47. Qe4+ Kd2 48. Qxg6 Ke3 49. Qe4+ Kf2 50. f4 Kf1 51. f5 Kf2 52. f6 Kf1 53. f7 h4 54. f8Q# 1-0

[Event "GER-ch Net blitz qual2"]
[Site "Playchess.com INT"]
[Date "2020.03.16"]
[Round "2"]
[White "Schiefer, Leo"]
[Black "Lerch, Martin Erik"]
[Result "0-1"]
[WhiteElo "1620"]
[BlackElo "1872"]
[PlyCount "116"]
[EventDate "2020.03.16"]
[EventType "swiss (blitz)"]
[EventRounds "9"]
[EventCountry "GER"]
[SourceTitle "CBM 195 Extra"]
[Source "ChessBase"]
[SourceDate "2020.05.31"]
[SourceVersion "1"]
[SourceVersionDate "2020.05.31"]
[SourceQuality "1"]

1. e4 e6 2. d4 d5 3. exd5 exd5 4. Nc3 c6 5. Nf3 Bg4 6. h3 Bh5 7. Bf4 Bd6 8. Bxd6 Qxd6 9. Be2 Ne7 10. 0-0 0-0 11. Ne5 Bxe2 12. Qxe2 Nd7 13. Nxd7 Qxd7 14. Nd1 f5 15. f4 Rae8 16. Qf3 Kh8 17. Nf2 Ng8 18. Nh1 Nf6 19. Ng3 Ne4 20. Nxe4 fxe4 21. Qe3 Re6 22. Rfe1 Ref6 23. Rf1 Qf7 24. g3 g5 25. b3 gxf4 26. gxf4 Rxf4 27. Rxf4 Qxf4 28. Qxf4 Rxf4 29. Rf1 Rxf1+ 30. Kxf1 Kg7 31. Ke2 Kf6 32. Ke3 Kf5 33. c4 b6 34. cxd5 cxd5 35. a4 a5 36. h4 Kg4 37. h5 Kxh5 38. Kf4 Kg6 39. Ke3 Kf5 40. Kf2 Kf4 41. Ke2 e3 42. Kd3 h5 43. Ke2 Ke4 44. Ke1 Kxd4 45. Ke2 h4 46. Kf3 Kd3 47. Kg4 e2 48. Kxh4 e1Q+ 49. Kg5 Qf2 50. Kg4 Kc3 51. Kg5 Kb4 52. Kg4 d4 53. Kg5 d3 54. Kg4 d2 55. Kg5 d1Q 56. Kg6 Qd6+ 57. Kg5 Qff4+ 58. Kh5 Qdh6# 0-1